000 00965nam a2200277Ia 4500
003 OSt
005 20221005102911.0
006 a|||||r|||| 00| 0
007 ta
008 221004b |||||||| |||| 00| 0 hin d
020 _cINR 225.00
024 _a41490
037 _b305, 25/02/2019, Eastern Book Linkers
_cTextual
040 _aCRL
_cCRL
_bhin
041 _2hin
_ahin
082 _aO152,3x, Q6
100 _aपांडेय, काजल, ले.
245 0 _aसुबह की तलाश में
246 _aSubah kī talāsh mean
260 _aइंदिरापुरम
_bज्ञान भारती भारत
_c2016
300 _a82पृ0
_ccm.
650 _a हिन्दी साहित्य
650 _aहिन्दी कहानी
942 _hO152,3x, Q6
_cTEXL
_2cc
999 _c1009085
_d1009085